[Event "Can Ninetes op 11th"]
[Site "Can Ninetes"]
[Date "2016.08.01"]
[Round "7"]
[White "Cobos Navarro, Francesco"]
[Black "Caballero Monteso, Ricard"]
[Result "1-0"]
[WhiteElo "2010"]
[BlackElo "1803"]
[PlyCount "98"]
[EventDate "2016.08.01"]
[EventType "swiss"]
[EventRounds "9"]
[EventCountry "ESP"]
[SourceTitle "CBM 173 Extra"]
[Source "ChessBase"]
[SourceDate "2016.08.29"]
[SourceVersion "1"]
[SourceVersionDate "2016.08.29"]
[SourceQuality "1"]

1. e4 g6 2. d4 Bg7 3. Bg5 d5 4. e5 c5 5. c3 f6 6. exf6 Nxf6 7. dxc5 e5 8. Nf3 Nc6 9. Be2 0-0 10. 0-0 Be6 11. b4 a6 12. a4 Qc7 13. Bh4 d4 14. cxd4 Nxd4 15. Nxd4 exd4 16. Ra3 Ne4 17. f3 Nc3 18. Nxc3 dxc3 19. Be1 Rad8 20. Qc2 a5 21. Bxc3 axb4 22. Bxb4 Rf4 23. Be1 Rf5 24. Bf2 Rh5 25. g3 Qf7 26. f4 Rhd5 27. Rd1 Rxd1+ 28. Bxd1 Qd7 29. Bf3 Bh3 30. Rb3 Qxa4 31. Qb1 Bd4 32. Rd3 Bxf2+ 33. Kxf2 Rxd3 34. Qxd3 Qa2+ 35. Ke3 Qe6+ 36. Be4 Bg2 37. Qd8+ Kg7 38. Qc7+ Kh6 39. Qxb7 Bxe4 40. Qxe4 Qb3+ 41. Kd4 Qb4+ 42. Kd5 Qd2+ 43. Qd4 Qa2+ 44. Kd6 Qa7 45. Qd5 Qb8+ 46. Kd7 Qa7+ 47. Ke6 Qa6+ 48. c6 Qc8+ 49. Ke7 Kg7 1-0

[Event "Figueres Nadal op 5th"]
[Site "Figueres"]
[Date "2016.01.02"]
[Round "2"]
[White "Caballero Monteso, Ricard"]
[Black "Mundet Riera, Jaume"]
[Result "0-1"]
[WhiteElo "1751"]
[BlackElo "2182"]
[PlyCount "74"]
[EventDate "2016.01.02"]
[EventType "swiss"]
[EventRounds "7"]
[EventCountry "ESP"]
[SourceTitle "EXT 2017"]
[Source "ChessBase"]
[SourceDate "2016.10.25"]
[SourceVersion "1"]
[SourceVersionDate "2016.10.25"]
[SourceQuality "1"]

1. Nf3 d6 2. d3 g6 3. e4 Bg7 4. g3 c5 5. Bg2 Nc6 6. 0-0 e6 7. Nbd2 Nge7 8. a4 0-0 9. Nc4 d5 10. Ne3 b6 11. c3 Bb7 12. Qc2 Qc7 13. Nh4 Rad8 14. f4 d4 15. Nc4 dxc3 16. bxc3 Nb4 17. cxb4 Bxa1 18. f5 Bd4+ 19. Kh1 exf5 20. exf5 Bxg2+ 21. Kxg2 Nd5 22. Bf4 Rde8 23. f6 Qc6 24. Kh3 Nxf6 25. Bh6 Qe6+ 26. Kg2 Qe2+ 27. Qxe2 Rxe2+ 28. Kf3 Rfe8 29. Nd6 R8e6 30. Ne4 Nxe4 31. dxe4 R2xe4 32. bxc5 Bxc5 33. Rd1 Rd4 34. Ra1 Be7 35. Kf2 g5 36. Nf5 Rf6 37. Ke3 Rxf5 0-1

[Event "Girona op 6th"]
[Site "Girona"]
[Date "2015.07.20"]
[Round "8"]
[White "Caballero Monteso, Ricard"]
[Black "Molina Carretero, Daniel"]
[Result "0-1"]
[WhiteElo "2011"]
[BlackElo "2261"]
[PlyCount "92"]
[EventDate "2015.07.13"]
[EventType "swiss"]
[EventRounds "9"]
[EventCountry "ESP"]
[SourceTitle "EXT 2016"]
[Source "ChessBase"]
[SourceDate "2015.10.08"]
[SourceVersion "1"]
[SourceVersionDate "2015.10.08"]
[SourceQuality "1"]

1. e4 c5 2. Nf3 d6 3. d3 g6 4. g3 Bg7 5. Bg2 Nc6 6. 0-0 Rb8 7. a4 e5 8. Nbd2 Nge7 9. Nc4 0-0 10. Ne3 h6 11. c3 Be6 12. Nh4 Qe8 13. f4 f5 14. Nd5 Qf7 15. Qf3 Kh7 16. Be3 Bxd5 17. exd5 Na5 18. h3 b6 19. Rae1 c4 20. fxe5 dxe5 21. d6 Nc8 22. d4 e4 23. Qf4 Qd7 24. Bxe4 Nxd6 25. Bc2 g5 26. Qf3 gxh4 27. g4 Rbe8 28. gxf5 Bf6 29. Qh5 Rg8+ 30. Kh2 Nf7 31. Rg1 Qc7+ 32. Kh1 Qb7+ 33. Kh2 Rg3 34. Bxh6 Rxe1 35. Bd2+ Kg8 36. Bxe1 Rxg1 37. Kxg1 Nd6 38. Qe2 Qe7 39. Qf2 Nb3 40. Kh1 Kf8 41. Bd1 Qe4+ 42. Bf3 Qxf5 43. Qe3 Bg5 44. Qf2 Qxh3+ 45. Kg1 Nf5 46. Be4 Be3 0-1

[Event "Girona op 6th"]
[Site "Girona"]
[Date "2015.07.19"]
[Round "7"]
[White "Clot Chico, Arnau"]
[Black "Caballero Monteso, Ricard"]
[Result "0-1"]
[WhiteElo "1917"]
[BlackElo "2011"]
[PlyCount "122"]
[EventDate "2015.07.13"]
[EventType "swiss"]
[EventRounds "9"]
[EventCountry "ESP"]
[SourceTitle "EXT 2016"]
[Source "ChessBase"]
[SourceDate "2015.10.08"]
[SourceVersion "1"]
[SourceVersionDate "2015.10.08"]
[SourceQuality "1"]

1. e4 d6 2. d4 Nf6 3. Nc3 Nbd7 4. Nf3 e5 5. dxe5 dxe5 6. Bc4 Be7 7. Bg5 0-0 8. Qd2 Nc5 9. Qxd8 Rxd8 10. Nxe5 Be6 11. Bxe6 Nxe6 12. Bd2 Bc5 13. Nd3 Bb6 14. 0-0-0 Ng4 15. Be1 Nc5 16. Rd2 Nxd3+ 17. cxd3 Ne5 18. Kc2 Rd7 19. Nd5 Bd4 20. f4 c6 21. Nc3 Ng4 22. Nd1 Ne3+ 23. Kb1 Rad8 24. Bf2 Ng4 25. Bxd4 Rxd4 26. h3 Nf6 27. Nf2 Nxe4 28. Nxe4 Rxe4 29. dxe4 Rxd2 30. Rg1 Kf8 31. Kc1 Re2 32. e5 Ke7 33. g3 h5 34. h4 c5 35. Rd1 Rg2 36. Rd3 c4 37. Rc3 b5 38. a4 a6 39. axb5 axb5 40. b3 f6 41. exf6+ Kxf6 42. bxc4 bxc4 43. Kd1 Kf5 44. Ke1 Kg4 45. f5 Rxg3 46. Rxc4+ Kxf5 47. Kf2 Rg4 48. Rc5+ Kg6 49. Rc6+ Kh7 50. Rc5 g6 51. Ra5 Rxh4 52. Kg3 Rb4 53. Ra7+ Kh6 54. Ra5 h4+ 55. Kh3 g5 56. Rc5 Rb3+ 57. Kg4 Rg3+ 58. Kf5 h3 59. Rc8 g4 60. Rh8+ Kg7 61. Rh4 Rg2 0-1